Ionic Conductive Membranes for Fuel Cells (Record no. 19906)
[ view plain ]
| 000 -LEADER | |
|---|---|
| fixed length control field | 01133nam a2200133Ia 4500 |
| 008 - FIXED-LENGTH DATA ELEMENTS--GENERAL INFORMATION | |
| fixed length control field | 220616s9999||||xx |||||||||||||| ||und|| |
| 020 ## - INTERNATIONAL STANDARD BOOK NUMBER | |
| International Standard Book Number | 9783040000000 |
| 245 #0 - TITLE STATEMENT | |
| Title | Ionic Conductive Membranes for Fuel Cells |
| 546 ## - LANGUAGE NOTE | |
| Language note | English[eng] |
| 650 ## - SUBJECT ADDED ENTRY--TOPICAL TERM | |
| Topical term or geographic name entry element | proton exchange membranes||PEMFC||PFSA annealing||hydration||nc index||PPSU||High IEC, CSPPSU||activation||PEMFCs||PVA:CS polymer blend||NH4I salt||XRD and FESEM||impedance||dielectric properties||TNM and LSV study||fuel cell technology||energy||polymer electrolyte membrane fuel cells (PEMFCs)||solid oxide fuel cells (SOFCs)||direct methanol fuel cells (DMFCs)||reverse electrodialysis||Nafion||brine||semi-crystalline polymers||small-angle neutron scattering||bioremediation||renewable energy||organic pollutants||electrogens||wastewater||proton exchange membrane fuel cells||radical scavengers||halloysite||cerium oxide||PEM||PEFC||ionomer||polymer electrolyte membrane||polymer electrolyte membrane fuel cell||proton exchange membrane||proton exchange membrane fuel cell||n/a |
| 700 ## - ADDED ENTRY--PERSONAL NAME | |
| Personal name | Narducci, Riccardo |
| 856 ## - ELECTRONIC LOCATION AND ACCESS | |
| Uniform Resource Identifier | <a href="https://mdpi.com/books/pdfview/book/4794">https://mdpi.com/books/pdfview/book/4794</a> |
| 942 ## - ADDED ENTRY ELEMENTS (KOHA) | |
| Koha item type | E-Books |
| Withdrawn status | Lost status | Damaged status | Not for loan | Home library | Current library | Date acquired | Total Checkouts | Date last seen | Price effective from | Koha item type |
|---|---|---|---|---|---|---|---|---|---|---|
| Kerala University of Digital Sciences, Innovation and Technology Knowledge Centre | Kerala University of Digital Sciences, Innovation and Technology Knowledge Centre | 16/06/2022 | 16/06/2022 | 16/06/2022 | E-Books |